| 000 | 00408nam a2200181Ia 4500 | ||
|---|---|---|---|
| 100 | _aMarchewka/Jack T | ||
| 650 | _aProject Management | ||
| 250 | _a3 | ||
| 942 | _cBK | ||
| 366 | _f25 | ||
| 654 | _aproject management | ||
| 245 | _aInformation technology Project Management | ||
| 260 |
_bWiley India _c2010 |
||
| 082 |
_a5.15 _bMAR |
||
| 300 | _a383 | ||
| 546 |
_aENGLISH _celectronics |
||
| 999 |
_c27959 _d27959 |
||